Veszprém megye települései - Statistics

General Stats
  • This quiz has been taken 25 times
  • The average score is 61 of 217
Answer Stats
Válaszok % Correct
Veszprém
100%
Balatonfüred
95%
Ajka
91%
Balatonfűzfő
82%
Tihany
82%
Zirc
82%
Balatonalmádi
77%
Tapolca
77%
Alsóörs
73%
Balatonkenese
73%
Herend
73%
Pápa
73%
Várpalota
73%
Badacsonytomaj
68%
Balatonakali
68%
Devecser
68%
Balatonakarattya
64%
Csopak
64%
Nagyvázsony
64%
Sümeg
64%
Zánka
64%
Litér
59%
Veszprémfajsz
59%
Aszófő
55%
Balatonszepezd
55%
Nemesvámos
55%
Szentgál
55%
Szentkirályszabadja
55%
Balatoncsicsó
50%
Öskü
50%
Szigliget
50%
Badacsonytördemic
45%
Bakonybél
45%
Balatonudvari
45%
Felsőörs
45%
Márkó
45%
Ősi
45%
Révfülöp
45%
Ábrahámhegy
41%
Bakonynána
41%
Berhida
41%
Csabrendek
41%
Dörgicse
41%
Dudar
41%
Gyulakeszi
41%
Jásd
41%
Káptalantóti
41%
Lókút
41%
Örvényes
41%
Paloznak
41%
Papkeszi
41%
Tótvázsony
41%
Bakonyoszlop
36%
Balatonederics
36%
Balatonfőkajár
36%
Balatonszőlős
36%
Barnag
36%
Csajág
36%
Csesznek
36%
Csetény
36%
Eplény
36%
Farkasgyepű
36%
Hajmáskér
36%
Kővágóörs
36%
Küngös
36%
Pétfürdő
36%
Sóly
36%
Tés
36%
Városlőd
36%
Bánd
32%
Hárskút
32%
Kamond
32%
Kapolcs
32%
Kislőd
32%
Nyirád
32%
Pécsely
32%
Salföld
32%
Szápár
32%
Tüskevár
32%
Úrkút
32%
Bakonyjákó
27%
Balatonhenye
27%
Halimba
27%
Kolontár
27%
Mencshely
27%
Nyárád
27%
Óbudavár
27%
Porva
27%
Pula
27%
Somlóvásárhely
27%
Sümegprága
27%
Szőc
27%
Tagyon
27%
Vilonya
27%
Vöröstó
27%
Adásztevel
23%
Bakonypölöske
23%
Bakonyszentkirály
23%
Bakonytamási
23%
Hidegkút
23%
Karakószörcsök
23%
Kékkút
23%
Köveskál
23%
Lesencefalu
23%
Lesencetomaj
23%
Lovas
23%
Magyarpolány
23%
Mindszentkálla
23%
Nagytevel
23%
Nemesgulács
23%
Németbánya
23%
Noszlop
23%
Olaszfalu
23%
Pápateszér
23%
Somlószőlős
23%
Taliándörögd
23%
Ugod
23%
Ukk
23%
Vászoly
23%
Bakonykoppány
18%
Bakonyszentiván
18%
Balatonrendes
18%
Borzavár
18%
Csehbánya
18%
Csót
18%
Dabronc
18%
Doba
18%
Gyepükaján
18%
Káptalanfa
18%
Kerta
18%
Királyszentistván
18%
Kup
18%
Mezőlak
18%
Nagyesztergár
18%
Nemeshany
18%
Nemesszalók
18%
Nemesvita
18%
Pápakovácsi
18%
Pénzesgyőr
18%
Szentbékkálla
18%
Vaszar
18%
Vigántpetend
18%
Zalahaláp
18%
Apácatorna
14%
Béb
14%
Dáka
14%
Döbrönte
14%
Gecse
14%
Gic
14%
Gógánfa
14%
Hegyesd
14%
Hegymagas
14%
Homokbödöge
14%
Iszkáz
14%
Kisapáti
14%
Lesenceistvánd
14%
Malomsok
14%
Marcaltő
14%
Mihályháza
14%
Monostorapáti
14%
Nagygyimót
14%
Nemesgörzsöny
14%
Öcs
14%
Oroszi
14%
Pápasalamon
14%
Sáska
14%
Szentantalfa
14%
Szentimrefalva
14%
Takácsi
14%
Uzsa
14%
Vanyola
14%
Veszprémgalsa
14%
Adorjánháza
9%
Bakonyság
9%
Bakonyszücs
9%
Bazsi
9%
Borszörcsök
9%
Csögle
9%
Dabrony
9%
Egyházaskesző
9%
Ganna
9%
Hosztót
9%
Kemeneshőgyész
9%
Kemenesszentpéter
9%
Külsővat
9%
Lovászpatona
9%
Magyargencs
9%
Marcalgergelyi
9%
Megyer
9%
Monoszló
9%
Nagyacsád
9%
Nagyalásony
9%
Nóráp
9%
Pápadereske
9%
Pusztamiske
9%
Raposka
9%
Rigács
9%
Somlójenő
9%
Szentjakabfa
9%
Zalaerdőd
9%
Zalagyömörő
9%
Zalameggyes
9%
Zalaszegvár
9%
Békás
5%
Bodorfa
5%
Egeralja
5%
Hetyefő
5%
Kisberzseny
5%
Kiscsősz
5%
Kispirit
5%
Kisszőlős
5%
Nagydém
5%
Nagypirit
5%
Somlóvecse
5%
Várkesző
5%
Vid
5%
Vinár
5%
No matching quizzes found
Score Distribution
Percent of People with Each Score
Percentile by Number Answered
Your Score History
You have not taken this quiz